U.S. States with Ten Million People - Sudden Death - Statistics

General Stats
  • This quiz has been taken 115 times
  • The average score is 6 of 10
Answers on the Grid
Answers color-coded by a green-red scale on the quiz's grid according to % correct below.
Arizona
California
Colorado
Florida
Georgia
Illinois
Massachusetts
Michigan
Minnesota
Missouri
New Jersey
New York
North Carolina
Ohio
Oregon
Pennsylvania
Tennessee
Texas
Virginia
Washington
 
Answer Stats
Answer % Correct
California
91%
New York
80%
Florida
70%
Illinois
61%
Texas
59%
Pennsylvania
58%
Georgia
41%
Michigan
41%
Ohio
41%
North Carolina
30%
No matching quizzes found
Score Distribution
Percent of People with Each Score
Percentile by Number Answered
Your Score History
You have not taken this quiz